00582nam a2200169Ia 4500003000900000008004100009020001800050040001600068080001200084110004800096245012100144260005100265300001600316650001400332650004100346700002500387IN-BaIIA211028s9999 xx 000 0 eng d a0-309-02029-8 cIIA Library a52bNAS aUnited States. National Academy of Sciences 0aAstronomy and astrophysics for the 1970'sbvol. 1, report of the astronomy survey committeecedited by Harvey Brooks aWashingtonbNational Academy of Sciencesc1972 axvii, 136p. aAstronomy aAstronomy and astrophysics thesaurus aBrooks, Harvey., ed.